| Tag |
First Indicator |
Second Indicator |
Subfields |
| LEADER |
00000ctm a2200000Ia 4500 |
| 001 |
in00000023608 |
| 005 |
20220104090754.0 |
| 008 |
880726s1987 xx a bm 000 0 eng d |
| 035 |
|
|
|9 AAB4522AM
|
| 035 |
|
|
|a (OCoLC)18268676
|
| 035 |
|
|
|a (OCoLC)ocm18268676
|
| 040 |
|
|
|a TXA
|b eng
|c TXA
|d OCLCQ
|d OCLCF
|d OCLCQ
|d UMI
|d OCLCO
|d TXA
|
| 049 |
|
|
|a TXAM
|
| 099 |
|
|
|a 1987
|a Dissertation
|a B534
|
| 100 |
1 |
|
|a Berry, Norma Falletta.
|
| 245 |
1 |
0 |
|a Identification and assessment of concerns about healthful dietary practices.
|
| 264 |
|
1 |
|c 1987.
|
| 300 |
|
|
|a xiii, 193 leaves :
|b illustrations ;
|c 29 cm
|
| 336 |
|
|
|a text
|b txt
|2 rdacontent
|
| 337 |
|
|
|a unmediated
|b n
|2 rdamedia
|
| 338 |
|
|
|a volume
|b nc
|2 rdacarrier
|
| 500 |
|
|
|a Typescript (photocopy).
|
| 500 |
|
|
|a Vita.
|
| 502 |
|
|
|b Ph. D. in Health Education
|c Texas A & M University
|d 1987
|
| 504 |
|
|
|a Includes bibliographical references (leaves 131-137).
|
| 520 |
3 |
|
|a Changing dietary behavior in order to adhere to a healthful diet seems difficult for many people even when the need for and the value of change is apparent and is acknowledged. Dietary behavior change is recognized as being a complex process that is affected by many factors and current understanding of mediating variables that affect the process and its outcome is far from adequate. During the past two decades, a body of research has evolved that focuses on concerns that people have when they are involved in change processes. The Concerns Based Adoption Model has provided the conceptual framework for many of these studies; however, the utility of this model in dietary behavior studies has not previously been investigated. The purposes of this study were to determine whether concerns theory can be extended to the realm of dietary behavior and to develop an instrument to assess healthful dietary practice concerns of adults. Healthful dietary practices were defined as the Dietary Guidelines for Americans, and when applicable to specific individuals, other dietary guidelines recommended by health care providers. Through administration of a preliminary and a second, refined version of a concerns questionnaire, data were gathered from approximately 1100 adults. Respondents included both males and females who represented Anglo, Black, and Hispanic ethnic backgrounds, as well as varying levels of formal education and socioeconomic status. Data were analyzed using factor analyses, intercorrelation analyses, and analyses of variance. Results of these analyses support the existence of seven constructs similar to the Stages of Concern identified in previous concerns research. The data indicate that differences in overall intensity of concern may be related to whether respondents follow healthful dietary practices to manage a health problem or to maintain health and that differences in relative intensity among various stages of concern reported by respondents may be related to the reason for changing to healthful dietary practices. These results also suggest that a Stages of Healthful Dietary Practice Concern Questionnaire would provide a valid and reliable assessment of adults' healthful dietary practice concerns.
|
| 650 |
|
0 |
|a Diet therapy.
|
| 650 |
|
0 |
|a Health behavior.
|
| 650 |
|
0 |
|a Patient compliance.
|
| 650 |
|
4 |
|a Major health education.
|
| 655 |
|
7 |
|a Academic theses
|2 lcgft
|
| 700 |
1 |
|
|a Holcomb, J. David,
|e degree supervisor.
|
| 700 |
1 |
|
|a James, Robert K.,
|e degree committee member.
|
| 700 |
1 |
|
|a Ponder, Leonard D.,
|e degree committee member.
|
| 700 |
1 |
|
|a Pruitt, B. E.,
|e degree supervisor.
|
| 700 |
1 |
|
|a Sweeney, Donald A.,
|e degree committee member.
|
| 700 |
1 |
|
|a Tolson, Homer,
|e degree committee member.
|
| 710 |
2 |
|
|a Texas A & M University,
|e degree granting institution.
|
| 856 |
4 |
1 |
|u http://proxy.library.tamu.edu/login?url=http://proquest.umi.com/pqdweb?did=752308831&sid=1&Fmt=2&clientId=2945&RQT=309&VName=PQD
|z Link to ProQuest copy
|t 0
|
| 856 |
4 |
1 |
|u https://hdl.handle.net/1969.1/DISSERTATIONS-27937
|z Link to OAKTrust copy
|t 0
|
| 994 |
|
|
|a C0
|b TXA
|
| 999 |
f |
f |
|s e2768585-5a08-33e3-8149-5739edfe210b
|i 7870141f-25a9-388b-bfa8-a02b3d059202
|t 0
|
| 952 |
f |
f |
|p noncirc
|a Texas A&M University
|b J.J. Pickle Campus
|c High Density Repository
|s HDR
|d Remote Storage
|t 0
|e 1987 Dissertation B534
|h Other scheme
|i unmediated -- volume
|m A14839623573
|
| 952 |
f |
f |
|a Texas A&M University
|b College Station
|c Electronic Resources
|s www_evans
|d Available Online
|t 0
|e 1987 Dissertation B534
|h Other scheme
|
| 998 |
f |
f |
|a 1987 Dissertation B534
|t 0
|l Available Online
|
| 998 |
f |
f |
|a 1987 Dissertation B534
|t 0
|l Remote Storage
|